| 000 | 01227njm a22002777a 4500 | ||
|---|---|---|---|
| 005 | 20100909153111.0 | ||
| 006 | a|||||r|||||00| 0 | ||
| 007 | sd ammalaaahaa | ||
| 008 | 100909t xxu||||| |||| 00| 0 eng d | ||
| 028 |
_aN.55308 _bHis Master's Voice |
||
| 035 | _aGR-01652 | ||
| 040 |
_aSED _cSED |
||
| 100 |
_917690 _aEmkay |
||
| 245 |
_aAman / _cby Emkay Productions; sung by Lata Mangeshkar, Mohd.Rafi & SairaBanu; music by Shanker Jaikishan; lyric by Shailendra _h[Sound Recording] : |
||
| 246 | _aतेरे लबों के मुकाबिल - गीत / | ||
| 260 |
_aDum Dum India _bHis Master' Voice _c1963 |
||
| 300 |
_a1 sound disc (Gramophone Recording) _banalog, 33 1/3 rpm _c9.5 in. (MP) _fGramophone Record |
||
| 500 | _aBrief Record | ||
| 505 | _aSide-1 अपने पिया की (Apne Piya Ki) (Lata Mangeshkar) -- Side-2 आज की रात (Aaj Ki Raat) (Mohd.Rafi & Saira Banu) | ||
| 650 |
_aClassical Music _xExcerpts _zIndia _917691 |
||
| 700 |
_aMangeshkar, Lata _91184 |
||
| 700 |
_aMohd.Rafi _919226 |
||
| 700 |
_aBanu, Saira _919227 |
||
| 942 |
_2ddc _cGR |
||
| 999 |
_c44891 _d44891 |
||